| Tag |
First Indicator |
Second Indicator |
Subfields |
| LEADER |
00000cas a2200000 a 4500 |
| 001 |
in00001462575 |
| 005 |
20151021060029.0 |
| 008 |
761015u19uuuuuupl qrzp 0 a0polxd |
| 010 |
|
|
|a sn 85008633
|
| 022 |
|
|
|a 0080-3715
|
| 035 |
|
|
|a (OCoLC)02505513
|
| 035 |
|
|
|9 AJF5486AM
|
| 040 |
|
|
|a COO
|c COO
|d AIP
|d NSD
|d DLC
|d TXA
|d UtOrBLW
|
| 041 |
0 |
|
|a pol
|b eng
|b pol
|b rus
|f eng
|f pol
|f rus
|
| 042 |
|
|
|a nsdp
|
| 049 |
|
|
|a TXAE
|
| 050 |
1 |
0 |
|a NOT IN LC
|
| 090 |
|
|
|a HD1995.7
|b .R63
|
| 210 |
0 |
|
|a Rocz. nauk roln., ser. G.
|
| 222 |
|
0 |
|a Roczniki nauk rolniczych. Seria G., Ekonomiki rolnictwa
|
| 245 |
0 |
0 |
|a Roczniki nauk rolniczych.
|n Seria G,
|p Ekonomiki rolnictwa.
|
| 246 |
1 |
|
|i Some issues have title:
|a Roczniki nauk rolniczych.
|n Seria G.
|p Ekonomiki rolniczej
|
| 246 |
1 |
0 |
|a Annaly selśkokhozi︠a︡ĭstvennykh nauk.
|n Serii︠a︡ G.
|p Ekonomika selskogokhozi︠a︡stva
|
| 246 |
1 |
0 |
|a Polish agricultural annual.
|n Series G.
|p Agricultural economies
|
| 264 |
|
1 |
|a Warszawa :
|b Państwowe Wydawnictwo Rolnicze I Lesne.
|
| 300 |
|
|
|a volumes :
|b illustrations ;
|c 24 cm.
|
| 336 |
|
|
|a text
|b txt
|2 rdacontent
|
| 337 |
|
|
|a unmediated
|b n
|2 rdamedia
|
| 338 |
|
|
|a volume
|b nc
|2 rdacarrier
|
| 500 |
|
|
|a Evans' description based on: Tom 76, zesz. 1, published in 1960.
|
| 500 |
|
|
|a At head of title: Polska Akademia Nauk, Wydział Nauk Rolniczych i Leśnych.
|
| 510 |
2 |
|
|a Bibliography of agriculture
|x 0006-1530
|
| 546 |
|
|
|a Text in Polish; summaries and tables of contents in Polish, English and Russian.
|
| 580 |
|
|
|a Continues in part: Roczniki nauk rolniczych (Warsaw, Poland : 1951).
|
| 650 |
|
0 |
|a Agriculture
|x Economic aspects
|z Poland
|x Periodicals.
|
| 710 |
2 |
|
|a Polska Akademia Nauk.
|b Wydział Nauk Rolniczych i Leśnych.
|
| 780 |
1 |
1 |
|t Roczniki nauk rolniczych (Warsaw, Poland : 1951)
|w (DLC) 59056069
|w (OCoLC)24673753
|
| 948 |
|
|
|a c:co
|
| 999 |
|
|
|a MARS
|
| 999 |
f |
f |
|s 0f69eb1e-9f4b-38ff-9ff3-a15bdd6d4b50
|i 99843e53-cfcf-365b-863f-fdca09fe31df
|t 0
|
| 952 |
f |
f |
|p ric
|a Texas A&M University
|b Rellis Campus
|c Joint Library Facility
|d Remote Storage
|t 0
|e HD1995.7 .R63
|h Library of Congress classification
|i unmediated -- volume
|k t.76:zesz.1
|l 1960
|m A14824880144
|
| 952 |
f |
f |
|p ric
|a Texas A&M University
|b Rellis Campus
|c Joint Library Facility
|d Remote Storage
|t 0
|e HD1995.7 .R63
|h Library of Congress classification
|i unmediated -- volume
|k t.77:zesz.1
|l 1963
|m A14824880089
|
| 952 |
f |
f |
|p ric
|a Texas A&M University
|b Rellis Campus
|c Joint Library Facility
|d Remote Storage
|t 0
|e HD1995.7 .R63
|h Library of Congress classification
|i unmediated -- volume
|k t.75:zesz.2
|l 1958
|m A14824880097
|
| 952 |
f |
f |
|p ric
|a Texas A&M University
|b Rellis Campus
|c Joint Library Facility
|d Remote Storage
|t 0
|e HD1995.7 .R63
|h Library of Congress classification
|i unmediated -- volume
|k t.78:zesz.2
|l 1966
|m A14824880241
|
| 998 |
f |
f |
|a HD1995.7 .R63
|s t.78:zess 2 (1996)
|t 0
|l Remote Storage
|